| 000 | 00706cam a22002052 4500 | ||
|---|---|---|---|
| 001 | 0000009288 | ||
| 005 | 20151217154411.0 | ||
| 008 | 080921s xx 000 0 eng d | ||
| 020 |
_a0007179472 : _cBSP 29 |
||
| 040 |
_aKABU _cKABU |
||
| 100 | 1 |
_aHolborn, Martin. _@0000160474 |
|
| 245 | 1 | 0 |
_aHaralambos ansd HolbornSociology : _bthemes and perspectives. AS- and A-level student handbook; accompanies the sixth edition / _cMartin Holborn and Peter Langley. |
| 260 |
_aLondon : _bHarperCollins, _c2004. |
||
| 300 | _av, 234 p. | ||
| 650 | 0 |
_aSociology. _@0000099021 |
|
| 700 | 1 |
_aLangley, Peter. _@0000160475 |
|
| 908 | _a080921 | ||
| 950 | _@1 | ||
| 999 |
_c11023 _d11023 |
||